Haben uns die Japaner uberholt?

Zapisane w:
Opis bibliograficzny
Format: Książka
Język:Undetermined
Wydane: Heidelberg I. H. Sauer- verlag GmbH 1981
Hasła przedmiotowe:
Etykiety: Dodaj etykietę
Nie ma etykietki, Dołącz pierwszą etykiete!
Thư viện lưu trữ: Trung tâm Học liệu Trường Đại học Cần Thơ
LEADER 00490nam a2200181Ia 4500
001 CTU_86341
008 210402s9999 xx 000 0 und d
082 |a 330.952 
082 |b H444 
245 0 |a Haben uns die Japaner uberholt? 
260 |a Heidelberg 
260 |b I. H. Sauer- verlag GmbH 
260 |c 1981 
650 |a Japan,Industrial management 
650 |x Economic conditions 
650 |z Japan 
904 |i Năm 
980 |a Trung tâm Học liệu Trường Đại học Cần Thơ